00545nam a2200157Ia 450000500170000000800410001708200130005824500460007126000380011730000170015550000770017270000240024994200060027395200930027999900150037220250117022447.0240331s9999 xx 000 0 und d bHANa923 0aHandy Perinbanayagam :ba memorial volume aChunnakambThirumakal Pressc1980 aiv, 174 p ., aThe Jaffna youth congress and Selection from his writings and speeches aKanagaratnam. eedt cL 001040708LaWERCLbWERCLcSSCd2024-03-31l0o 923 HANp52r2024-03-31w2024-03-31yL c3465d3465